00476nam a22001697a 450000500170000001000150001702000260003203500140005803700130007208200120008510000200009724500610011726000290017827000550020730000250026250000190028720181208160234.0 aENG-119367 a9789350020074c395.00 aEN-102899 bDBAD/PUB a335.412 aMeek, Ronald L. aStudies in the labour thory of valuecby Ronald L. Meek aDelhibAakar Booksc2009 a28 E Pocket IV, Mayur Vihar Phase IbDelhie110091 ai,376p. c22cm.(pbk) aInclude index